00771nam a2200217 i 4500001000700000003000900007005001700016007000300033008004100036080002900077080001800106100003600124245008000160260004600240300002100286600003300307650003900340852003300379999001900412952012200431103638ES-MaACL20230906183420.0t|060426s1961 pr ||||1| spa d a929 Albizu Campos, Pedro a323.17(729.5)1 aAlbizu Campos, Laura de.91939810aAlbizu Campos y la independencia de Puerto Rico / cLaura de Albizu Campos. aSan Juan, Puerto Rico : b[s.n.], c1961. a89 p. ; c19 cm.14aAlbizu Campos, Pedro.91939914aNacionalismo-zPuerto Rico.915464 aES-MaACLjC-56865 bR.137501 c103638d103638 00104070aATENEOMbATENEOMcDEPO2d2008-01-17eSCl0oC-56865p1108207r2023-02-23 00:00:00w2023-02-23yMONOGRAFIA